Primera parte del Libro del invencible caballero Don Clarisel de las Flores y de Austrasia / (Record no. 156351)

MARC details
000 -LEADER
campo de control de longitud fija 01094nam a2200241 i 4500
001 - NÚMERO DE CONTROL
campo de control 156351
003 - IDENTIFICADOR DE NÚMERO DE CONTROL
campo de control ES-MaACL
005 - FECHA Y HORA DE LA ÚLTIMA TRANSACCIÓN
campo de control 20250916182947.0
008 - DATOS DE LONGITUD FIJA--INFORMACIÓN GENERAL
campo de control de longitud fija 000211s1879 sp |||| | spa d
080 ## - NÚMERO DE LA CLASIFICACIÓN DECIMAL UNIVERSAL
Número de la Clasificación Decimal Universal 821.134.2-39"15"
100 1# - ENTRADA PRINCIPAL--NOMBRE DE PERSONA
Nombre de persona Jiménez de Urrea, Jerónimo de.
9 (RLIN) 128318
245 10 - MENCIÓN DEL TÍTULO
Título Primera parte del Libro del invencible caballero Don Clarisel de las Flores y de Austrasia /
Mención de responsabilidad, etc. escrito por Don Jerónimo de Urrea ; [introducción por J.M. Asensio].
260 ## - PUBLICACIÓN, DISTRIBUCIÓN, ETC.
Lugar de publicación, distribución, etc. Sevilla :
Nombre del editor, distribuidor, etc. Sociedad de Bibliófilos Andaluces,
Fecha de publicación, distribución, etc. 1879 (
Fabricante Francisco Álvarez y Cª)
300 ## - DESCRIPCIÓN FÍSICA
Extensión XX, 349 p. ;
Dimensiones 24 cm.
490 1# - MENCIÓN DE SERIE
Mención de serie Sociedad de Bibliófilos Andaluces. Primera serie
510 4# - NOTA DE CITAS O REFERENCIAS BIBLIOGRÁFICAS
Nombre de la fuente Palau,
Localización dentro de la fuente t. XXVIII, 377310
530 ## - NOTA DISPONIBLE DE FORMULARIO FÍSICO ADICIONAL
Nota de formato físico adicional disponible Disponible en formato digital.
700 1# - ENTRADA AGREGADA--NOMBRE PERSONAL
Nombre de persona Asensio, José María,
Fechas asociadas al nombre 1829-1905
9 (RLIN) 23582
830 1# - PUNTO DE ACCESO ADICIONAL DE SERIE-TÍTULO UNIFORME
Título uniforme Sociedad de Bibliófilos Andaluces. Primera serie
9 (RLIN) 182018
852 4# - LOCALIZACIÓN
Ubicación ES-MaACL
Número de control de estantería B-5559
Nota libre - Enc. hol.
856 ## - LOCALIZACIÓN Y ACCESO ELECTRÓNICOS
Identificador Uniforme de Recursos <a href="http://www.bibliotecavirtualdeandalucia.es/catalogo/es/consulta/registro.do?id=1019234">http://www.bibliotecavirtualdeandalucia.es/catalogo/es/consulta/registro.do?id=1019234</a>
Nota pública Biblioteca Virtual de Andalucía
Holdings
Estatus retirado Estado de pérdida Estado de daño No para préstamo Colección Biblioteca de origen Biblioteca actual Ubicación en estantería Fecha de adquisición Fuente de adquisición Total de préstamos Signatura topográfica completa Código de barras Visto por última vez Precio de reemplazo Tipo de ítem Koha
        Colección digital Biblioteca del Ateneo de Madrid Biblioteca del Ateneo de Madrid Sala Pardo Bazán 17/01/2008     B-5559 1163576 23/02/2023 23/02/2023 Libro impreso antiguo